1377 1551 1965 1921 1386 1914 1290 1777 1226 1994 1695 1939 1381 1210 1675 1509 1990 1529 1860 1402 1436 1906 1229 1016 1937 1849 1208 1171 1240 1421 1727 1967 1990 1670 1945 1095 1387 1107 1684 1072 1133 1251 1708 1932 1805 1863 1283 1247 1324 1123 1989 1650 1219 1993 1881 1524 1987 1355 1198 1643 1640 1534 1334 1197 1699 1928 1538 1063 1334 1661 1121 1228 1960 1802 1871 1160 1950 1434 1476 1943 1952 1863 1448 1248 1983 1997 1092 1211 1809 1209 1458 1190 1064 1691 1256 1717 1504 1699 1506 BCNSPRNW ULIB Ver.6.0+V

เปลี่ยนเป็นภาษาไทย

Change to English
 แสดงรายละเอียดบรรณานุกรม
  กลับหน้าหลัก

Brief Record : Get Marc (ISO 2709) : E-mail record : QR code < ปิดหน้าต่าง
LEADER : 00000nam 2200000uu 4500
001    13399110296
003     ULIB
008    110428s2551||||th 000 0 tha d
020    9744914602
050  4 BQ4570.L5^bช2442 3/2551
100 0  ชุติปัญโญ.
245 10 ทำใจเสียบ้างแล้วทุกอย่างจะดีขึ้น /^cชุติปัญโญ.
250    พิมพ์ครั้งที่ 12.
260    กรุงเทพฯ :^bใยไหม,^c2551.
300    158 หน้า :^bภาพประกอบ ;^c21 ซม.
650  4 ธรรมะกับชีวิตประจำวัน.
650  4 การดำเนินชีวิต.
650  4 ชีวิต^xแง่ศาสนา^xพุทธศาสนา.
650  4 จิตวิทยาประยุกต์.
700 0  พระมหาวีระพันธ์ ชุติปัญโญ.
945    ^p139^l0^i030055
995     เกษร
999 ^a ใช้งานได้ทุกระบบ
รายการนี้ยังไม่มีแท็ก
คุณยังไม่ได้ล็อกอิน คุณสามารถมีกิจกรรมร่วมกับเว็บไซต์ได้ แต่ต้องล็อกอินก่อน ::
  ล็อกอิน

รายการสื่อสารสนเทศ

ลำดับที่ ประเภท เลขเรียก/บาร์โค้ด สถานที่ สถานะ
- ไม่พบข้อมูล -

รายการใกล้เคียง
    ผู้แต่ง [ชุติปัญโญ.]

    หัวเรื่อง [ธรรมะกับชีวิตประจำวัน.]
    หัวเรื่อง [การดำเนินชีวิต.]
    หัวเรื่อง [จิตวิทยาประยุกต์.]

BibComment


ยังไม่เคยถูกคอมเมนท์

คอมเมนท์ทรัพยากรรายการนี้
  คอมเมนท์: ทำใจเสียบ้างแล้วท..


 Copyright 2026. Bcnsprnw @Library